000
00206nam a22000857a 4500
008
170327b xxu||||| |||| 00| 0 eng d
100
_9
3048
_a
Sawhney.P.
245
_a
Science-VI
260
_a
New Delhi
_b
G.B.P.
_c
2010
999
_c
6316
_d
6316